Política cultural

Збережено в:
Бібліографічні деталі
Автори: Yúdice, George (Автор), Miller, Toby (Автор)
Формат: Книга
Мова:Іспанська
Опубліковано: Barcelona Gedisa 2004
Редагування:1a. ed
Серія:Serie Cultura
Предмети:
Теги: Додати тег
Немає тегів, Будьте першим, хто поставить тег для цього запису!

MARC

LEADER 00000nam a2200000 a 4500
001 UCJ0811
003 CL-VaPUC
008 060908e20040000SP |||||||||||||||||spa|d
020 |a 8474329132 
082 0 4 |a 320.973  |b YUD  |2 21 
100 0 |a Yúdice, George  |e author  |9 501176 
700 0 |a Miller, Toby  |e author  |9 501177 
245 1 0 |a Política cultural 
250 |a 1a. ed 
300 |a 332 p 
942 |c BK 
945 |d 20060908 00:00:00  |a jtorresc 
260 |a Barcelona  |b Gedisa  |c 2004 
500 |a www.gedisa.com 
650 0 |a Política cultural  |9 316492 
650 0 |a Derechos civiles y políticos   |9 338684 
651 0 |a Estados Unidos  |9 255178 
583 |a last modification  |c 20140409 02:45:31  |k Rodrigo Vera 
490 0 |a Serie Cultura 
999 |c 317565  |d 317563 
952 |0 0  |1 0  |4 0  |6 320_973000000000000_YUD_2004  |7 0  |8 A  |9 394102  |a BIBCUR  |b BIBCUR  |d 2019-11-22  |i 4272854  |o 320.973 YUD 2004  |p 4272854  |r 2025-04-22  |w 2019-11-22  |y BK  |k PER 
952 |0 0  |1 0  |4 0  |6 320_973000000000000_YUD_2004  |7 0  |8 X  |9 394103  |a FDOMLP  |b FDOMLP  |d 2019-11-22  |i 4436393  |o 320.973 YUD 2004  |p 4436393  |r 2019-11-22  |w 2019-11-22  |y BK_X  |k BU2 
952 |0 0  |1 0  |4 0  |6 320_973000000000000_YUD_2004  |7 0  |8 A  |9 394104  |a BIBCUR  |b BIBCUR  |d 2019-11-22  |i 4573277  |o 320.973 YUD 2004  |p 4573277  |r 2025-04-22  |w 2019-11-22  |y BK  |k PER 
952 |0 0  |1 0  |4 0  |6 320_973000000000000_YUD_2004  |7 0  |8 A  |9 394105  |a BIBCUR  |b BIBCUR  |d 2019-11-22  |i 4573285  |o 320.973 YUD 2004  |p 4573285  |r 2025-04-22  |w 2019-11-22  |y BK  |k PER